000 00911nam a22002297a 4500
999 _c18334
_d18334
005 20251125232905.0
008 s2534 th tha d
040 _aNALT
041 _atha
245 1 0 _aแบบคำฟ้อง-คำให้การในคดีแพ่ง
260 3 _aกรุงเทพฯ :
_bสำนักงานอัยการสูงสุด,
_c2534
300 _a311 หน้า ;
_b 26 ซม.
650 0 4 _aการเขียนคำฟ้อง
650 0 4 _aคดีแพ่ง -- แบบคำฟ้อง
650 0 4 _aคำฟ้อง (คดีแพ่ง)
650 0 4 _aแบบคำฟ้อง
850 _aNALT
856 4 0 _uhttps://hdl.handle.net/20.500.14156/461844
_71
942 _cLB
_2lcc
_02
998 _j111
_k นางสาวพจพิณ พรมเอี่ยม
090 _aKU136.2 อ569บ 2534